000 00772nam a2200253Ia 4500
003 OSt
005 20221005050004.0
006 a|||||r|||| 00| 0
007 ta
008 221004b |||||||| |||| 00| 0 ben d
020 _a9788129508485 (hbk)
_c100
024 _a4525
037 _b791, 20/03/2013, Bright Book Service
_cTextual
040 _aCRL
_cCRL
_bben
041 _2ben
_aben
082 _aO157,1NTHx, P7
100 _aChattopadhyay Pranab
_9212329
245 0 _aShrestha kavita
260 _aKolkata
_bSudhangshu Sekhar Dey Dey's Pub India
_c2008
300 _a176p.
_ccm.
650 _aBENGALI LITERATURE
942 _hO157,1NTHx, P7
_cTEXL
_2cc
999 _c956106
_d956106